| 000 -LEADER |
| fixed length control field |
00553nam a22001457a 4500 |
| 082 ## - DEWEY DECIMAL CLASSIFICATION NUMBER |
| Classification number |
APPPA 2018-19\HAR |
| 100 ## - MAIN ENTRY--PERSONAL NAME |
| Personal name |
Singh, Harmandeep |
| 9 (RLIN) |
5429 |
| 245 ## - TITLE STATEMENT |
| Title |
Defence financial management : |
| Remainder of title |
A critical analysis |
| Statement of responsibility, etc |
by Harmandeep Singh |
| 260 ## - PUBLICATION, DISTRIBUTION, ETC. (IMPRINT) |
| Place of publication, distribution, etc |
New Delhi |
| Name of publisher, distributor, etc |
Indian Institute of Public Administration |
| Date of publication, distribution, etc |
2019 |
| 300 ## - PHYSICAL DESCRIPTION |
| Extent |
141p. |
| 500 ## - GENERAL NOTE |
| General note |
APPPA Dissertation 2018-19 .(Guide : Dr Anupam Sarkar) |
| 650 ## - SUBJECT ADDED ENTRY--TOPICAL TERM |
| Topical term or geographic name as entry element |
India -- Ministry of Defence -- Finance. |
| 9 (RLIN) |
6384 |
| 650 ## - SUBJECT ADDED ENTRY--TOPICAL TERM |
| Topical term or geographic name as entry element |
India -- Ministry of Defence. |
| 9 (RLIN) |
6385 |
| 650 ## - SUBJECT ADDED ENTRY--TOPICAL TERM |
| Topical term or geographic name as entry element |
India -- Military policy. |
| 9 (RLIN) |
6386 |